| 000 | 01507nam a22003730a 4500 | ||
|---|---|---|---|
| 001 | PT25620 | ||
| 003 | AR-LpoUNG | ||
| 005 | 20210131233224.0 | ||
| 008 | 191001s2005||||ag |||||||||||||||||spa d | ||
| 020 |
_a9872222274 _c$5,4 |
||
| 040 |
_aAR-LpoUNG _bspa _cAR-LpoUNG _eaacr |
||
| 041 | _aspa | ||
| 044 | _aag | ||
| 082 | 0 | _a982.064 441tup | |
| 100 | 1 | _aDe Santis, Daniel | |
| 245 | 1 | 0 |
_aEntre tupas y perros : _bun debate con Eleuterio Fernández Huidobro y Luis Mattini sobre tupamaros y el PRT-ERP |
| 250 | _a1§ edición | ||
| 260 |
_aBuenos Aires : _bR y R, _c2005. |
||
| 300 |
_a159 p. : _bil. |
||
| 520 | _aExtenso debate entre el autor, militante del Partido Revolucionario de los Trabajadores (PRT-ERP) de Argentina y Eleuterio Fernández Huidobro, el dirigente tupamaro uruguayo, a propósito de las causas de la derrota de los años '70. También incluye la obra dos trabajos más del autor: uno destinado a la polémica con Luis Mattini acerca de la división del PRT en el exilio y otro busca informar sobre aspectos de la lucha de clases en la coyuntura revolucionaria. | ||
| 650 | 4 | _aANALISIS HISTORICO | |
| 650 | 4 | _aARGENTINA | |
| 650 | 4 | _aASPECTOS POLITICOS | |
| 650 | 4 | _aGUERRILLEROS | |
| 650 | 4 | _aIDEOLOGIAS POLITICAS | |
| 650 | 4 | _aLUCHA DE CLASES | |
| 650 | 4 | _aMARXISMO | |
| 650 | 4 | _aPARTICIPACION OBRERA EN ACCIONES | |
| 651 | 4 | _aArgentina | |
| 653 | _aPARTIDO REVOLUCIONARIO DE LOS TRABAJADORES | ||
| 653 | _aTUPAMAROS | ||
| 905 | _a25620 | ||
| 942 | _cLIB | ||
| 999 |
_c19698 _d19698 |
||